000 00349 a2200169 4500
001 172850
020 _a978-85-08-11337-8
040 _cMagnum
100 _aJunqueira, Sonia
240 1 0 _aO galo maluco
_lpor
245 1 0 _aO galo maluco
300 _a24
362 0 _a2007
440 1 _aÁtica
697 _aLITERATURA INFANTIL
942 _cBK
999 _c172850
_d172850